| 000 | 00580nam a2200193Ia 4500 | ||
|---|---|---|---|
| 003 | OSt | ||
| 005 | 20200805101224.0 | ||
| 008 | 190216s9999||||xx |||||||||||||| ||und|| | ||
| 020 | _a9780070662285 | ||
| 040 | _coclc | ||
| 082 |
_a519.4 _bCON/E |
||
| 100 |
_aConte, S D _93964 |
||
| 245 | 0 |
_aElementary Numerical Analysis: _bAn Algorithmic Approach / _cS D Conte ; Carl De Boor |
|
| 250 | _a3rd Ed. | ||
| 260 |
_bMcgraw -hill Book Company, _c1980. _aSingapore: |
||
| 300 | _a432p | ||
| 650 | _aMathematics | ||
| 942 |
_cBK _2ddc _h519.4 _iCON/E _k519.4 _mCON/E |
||
| 999 |
_c31525 _d31525 |
||